Missing Word: 'W' Movies Quiz Stats

 Plays Quiz Updated Feb 7, 2012

Support Sporcle.
Go Orange.
Score 0/24 Timer 03:00
0 Plays Today
Movie Missing Word % Correct
The _____ of OzWizard
99.5%
_____ Harry Met SallyWhen
98.2%
_____ Framed Roger Rabbit?Who
97.9%
_____ Side StoryWest
97.4%
What Women _____ Want
96.1%
_____ Lies BeneathWhat
95.2%
Star _____ Wars
92.7%
The _____ PlannerWedding
91.7%
_____ You Were SleepingWhile
91%
The Grapes of _____ Wrath
89.7%
_____-It RalphWreck
88.1%
_____ ChicksWhite
87.8%
Movie Missing Word % Correct
_____ StreetWall
87%
Who's Afraid of Virginia _____?Woolf
80.6%
Mr. Smith Goes to _____ Washington
74.1%
_____ HeightsWuthering
69.2%
_____ StrawberriesWild
66.1%
_____ to ExhaleWaiting
65.6%
On the _____ Waterfront
47%
_____ for the ProsecutionWitness
44%
Dr. Strangelove or: How I Learned to Stop _____ and Love the BombWorrying
39.5%
_____ RiderWhale
29.8%
_____ GirlWorking
27.9%
The _____ ManWicker
22.9%

Today's Daily Dose

Word Ladder
ING Words

Get the Picture
Nearest Volcano

From the Vault

TV Bosses

by PBRthur

You don't have to be unlikeable if you're a boss, but it certainly makes for good TV.
Remove Ads.
Support Sporcle.
Get the best of Sporcle when you Go Orange. This ad-free experience offers more features, more stats, and more fun while also helping to support Sporcle. Thank you for becoming a member.

Show Comments

Extras

Top Quizzes Today


Score Distribution

Your Account Isn't Verified!

In order to create a playlist on Sporcle, you need to verify the email address you used during registration. Go to your Sporcle Settings to finish the process.

Report this User

Report this user for behavior that violates our Community Guidelines.

Details: